Welcome to the Holygrace Academy Library

Please use search bar below to get started

DAVID COPPERFIELD (Record no. 3016)

MARC details
000 -LEADER
fixed length control field 00661nam a22001577a 4500
020 ## - INTERNATIONAL STANDARD BOOK NUMBER
ISBN 978-81-310-1272-7
082 ## - DEWEY DECIMAL CLASSIFICATION NUMBER
Classification number 823
Item number DIC/D
100 ## - MAIN ENTRY--AUTHOR NAME
Personal name DICKENS, CHARLES
245 ## - TITLE STATEMENT
Title DAVID COPPERFIELD
250 ## - EDITION STATEMENT
Edition statement FIRST EDITION
260 ## - PUBLICATION, DISTRIBUTION, ETC. (IMPRINT)
Place of publication DELHI
Name of publisher MANOJ PUBLICATIONS
Year of publication 2011
300 ## - PHYSICAL DESCRIPTION
Number of Pages 144
520 ## - SUMMARY, ETC.
Summary, etc The story follows the life of David Copperfield from childhood to maturity. David was born in Blunderstone, Suffolk, England, six months after the death of his father. David spends his early years in relative happiness with his loving, childish mother and their kindly housekeeper, Clara Peggotty. They call him Davy.
650 ## - SUBJECT ADDED ENTRY--TOPICAL TERM
Topical Term NOVEL
Geographic subdivision INDIA
942 ## - ADDED ENTRY ELEMENTS (KOHA)
Koha item type Books
Holdings
Withdrawn status Lost status Collection code Home library Current library Shelving location Date acquired Source of acquisition Cost, normal purchase price Full call number Accession Number Koha item type
    Fiction Main Library Main Library SHELF-14D- ALPHABETICAL -D--ENGLISH NOVELS & FICTIONS 12/10/2012 purchase 60.00 823 DIC/D 07122 Books